| 000 | 00342nam a2200133Ia 4500 | ||
|---|---|---|---|
| 008 | 240624s9999 xx 000 0 und d | ||
| 041 | _aeng | ||
| 082 | _a332.6323 BAR | ||
| 100 | _aBARTH JAMES R | ||
| 245 | _aRISE AND FALL OF THE U S MORTGAGE AND CR | ||
| 260 |
_c2009 _aNew Jersey _bJohn Wiley & Sons |
||
| 300 | _a526 : p. | ||
| 365 |
_c _b27 |
||
| 999 |
_c15460 _d15460 |
||